header

Shareholder value and the common good (Record no. 256809)

MARC details
000 -LEADER
fixed length control field 00474nam a22001577a 4500
003 - CONTROL NUMBER IDENTIFIER
control field OSt
005 - DATE AND TIME OF LATEST TRANSACTION
control field 20180625105013.0
008 - FIXED-LENGTH DATA ELEMENTS--GENERAL INFORMATION
fixed length control field 180625b xxu||||| |||| 00| 0 eng d
020 ## - INTERNATIONAL STANDARD BOOK NUMBER
International Standard Book Number 9966760008
040 ## - CATALOGING SOURCE
Transcribing agency n/a
050 ## - LIBRARY OF CONGRESS CALL NUMBER
Classification number HD70
Item number .L889 2004
100 ## - MAIN ENTRY--PERSONAL NAME
Personal name David Lutz & Paul Mimbi
245 ## - TITLE STATEMENT
Title Shareholder value and the common good
Remainder of title essays on the objectives and purposes of business management
260 ## - PUBLICATION, DISTRIBUTION, ETC. (IMPRINT)
Place of publication, distribution, etc Nairobi
Name of publisher, distributor, etc Strathmore University Press
Date of publication, distribution, etc 2004
942 ## - ADDED ENTRY ELEMENTS (KOHA)
Source of classification or shelving scheme Library of Congress Classification
Koha item type Long Loan Books
Holdings
Withdrawn status Lost status Source of classification or shelving scheme Damaged status Not for loan Collection code Home library Current library Shelving location Date acquired Total Checkouts Full call number Barcode Date last seen Price effective from Koha item type
    Library of Congress Classification     Non-fiction Rongo University Library Rongo University Library General Stacks 25/06/2018   HD70 .L889 2004 201800931 25/06/2018 25/06/2018 Long Loan Books

© 2026 Rongo University
Contact us: librarian | system librarian | Rongo university